000 00551nam a2200193Ia 4500
005 20250508153924.0
008 008 250505s9999 xx 000 0 eng d
037 _aTextual
040 _aFEDL
_beng
_cFEDL
041 _aeng
_2eng
084 _a371.3, COR
_qFEDL
100 _aCornhosar Arthur W
_9759236
245 0 _aAddhyan kaise kare : Prabhav addhyan ke liye sujhav
260 _aDelhi, India
_bRajkamal Prakashan
300 _a92p.
650 _aTeaching Techniqe
942 _cTEXL
_h371.3, COR
999 _c1346382
_d1346382